Historia de la cooperativa obrera económica de consumos de punta alta, 1913-1967 /
Guardado en:
| Autor Principal: | |
|---|---|
| Otros Autores: | |
| Formato: | Libro |
| Publicado: |
Bahía Blanca :
Gidecoop - Uns,
2013
|
| Materias: | |
| Etiquetas: |
Agregar Etiqueta
Sin Etiquetas, Sea el primero en etiquetar este registro!
|
| LEADER | 00676nam a22001935a 4500 | ||
|---|---|---|---|
| 001 | EHU.bham042311 | ||
| 003 | AR-BHAM | ||
| 005 | 20131110110813.0 | ||
| 008 | 130507s2013##################000#0#####d | ||
| 082 | 3 | 3 | |a 334.609 |
| 100 | 1 | |a Izarra, Luciano | |
| 245 | 1 | 0 | |a Historia de la cooperativa obrera económica de consumos de punta alta, 1913-1967 / |c Luciano Izarra, Gustavo Chalier |
| 260 | |a Bahía Blanca : |b Gidecoop - Uns, |c 2013 | ||
| 300 | |a 49 p. | ||
| 653 | |a Cooperativismo-historia del | ||
| 653 | |a Punta alta-cooperativismo | ||
| 653 | |a Buenos aires-provincia-cooperativismo | ||
| 700 | 1 | |a Chalier, Gustavo | |
| 859 | |a AR-BHAM |b BIB. HUMANIDADES - General |h 334.609 |i Iz1 |p 236.13 |t Ej.1 | ||
